Survivor 50 Final Placements - Statistics

General Stats
  • This quiz has been taken 34 times
  • The average score is 21 of 24
Answer Stats
Placement Castaway % Correct
21st Q Burdette
97%
22nd Savannah Louie
97%
24th Jenna Lewis-Dougherty
94%
23rd Kyle Fraser
94%
Sole Survivor Aubry Bracco
90%
11th Christian Hubicki
90%
6th Cirie Fields
90%
12th Coach Wade
90%
9th Emily Flippen
90%
Second Runner-Up Joe Hunter
90%
20th Mike White
90%
7th Rick Devens
90%
4th Rizo Velovic
90%
10th Stephenie LaGrossa Kendrick
90%
5th Tiffany Nicole Ervin
90%
15th Colby Donaldson
87%
Runner-Up Jonathan Young
87%
8th Ozzy Lusth
87%
13th Chrissy Hofbeck
84%
14th Dee Valladares
84%
16th Genevieve Mushaluk
84%
19th Angelina Keeley
81%
18th Charlie Davis
81%
17th Kamilla Karthigesu
81%
No matching quizzes found
Score Distribution
Percent of People with Each Score
Percentile by Number Answered
Your Score History
You have not taken this quiz